| 000 | 00431nab a2200145Ia 4500 | ||
|---|---|---|---|
| 003 | ES-SlBCS | ||
| 005 | 20210709113659.0 | ||
| 008 | 140529s1997 xxu||||| |||| 00| 0 eng d | ||
| 041 | _aeng | ||
| 100 | 1 |
_aAntony, Louise M. _9132804 |
|
| 245 | 0 | 0 |
_aFeeling Fine About the Mind _c Louise M. Antony |
| 650 | 0 | 4 |
_aMente _9126363 |
| 773 | 0 |
_tPhilosophy and Phenomenological Research _gvol. 57, 1997, págs. 381-388 _wRev1411 |
|
| 942 | _cAR | ||
| 999 |
_c527824 _d527824 |
||